000 01497nam a22002057a 4500
999 _c58043
_d58043
003 Ge_BSU
005 20210519111235.0
008 210519s2003 ge ||||| |||| 00| 0 geo d
041 _ageo
080 _a621.395(02) გ-51
100 _aგიორგაძე, ბ.
_91122
245 _aტელეკომუნიკაციების ქსელები :
_bნაწილი 3. (ლექციების კონსპექტი) /
_cბ. გიორგაძე, რ. ქვრივიშვილი; საქართველოს ტექნიკური უნივერსიტეტი, ტელეკომუნიკაციური ქსელებისა და საკომუტაციო სისტემების კათედრა.
264 _aთბ. :
_b ტექნიკური უნივერსიტეტი ],
_c2003.
300 _a76 გვ. ;
_b ნახ.
_c20 სმ.
653 _aტელეკომუნიკაციები
653 _aსაკომუტაციო სისტემები
700 _a ქვრივიშვილი, რ
_eავტორი
_911840
710 _aსაქართველოს ტექნიკური უნივერსიტეტი
_911841
_bტელეკომუნიკაციური ქსელებისა და საკომუტაციო სისტემების კათედრა
942 _2udc
_cBK